Guillermo Francella - ¡Muerte súbita! - Estadísticas

Estadísticas generales
  • Esta prueba ha sido intentada 104 veces
  • La puntuación promedio es 5 de 13
Answers on the Grid
Answers color-coded by a green-red scale on the quiz's grid according to % correct below.
El Secreto de sus Ojos
El Clan
El Aura
Animal
Luna de Avellaneda
Felicidades
Granizo
Los Sonámbulos
La Cordillera
El Robo del Siglo
Rudo y Cursi
¡Atraco!
Corazón de León
Relatos Salvajes
El Cuento de las Comadrejas
Tiempo de Revancha
Los Extermineitors
Los Bañeros Más Locos del Mundo
Papá se Volvio Loco
Mi Obra Maestra
Incorregibles
La Odisea de los Giles
No Sos Vos, Soy Yo
Un Argentino en Nueva York
 
Estadísticas de respuestas
Respuesta % Correcto
El Secreto de sus Ojos
85%
El Clan
69%
El Robo del Siglo
67%
Corazón de León
59%
Un Argentino en Nueva York
50%
Granizo
46%
Papá se Volvio Loco
43%
Mi Obra Maestra
33%
Los Extermineitors
26%
Animal
24%
¡Atraco!
24%
Rudo y Cursi
19%
Incorregibles
4%
No se encontraron pruebas coincidentes
Distribución de puntuación
Porcentaje de gente con cada puntuación
Porcentaje por número respondido
Historial de tus puntuaciones
No has intentado esta prueba.